[Event "Malgrat del Mar op"]
[Site "Malgrat del Mar"]
[Date "1997.05.10"]
[Round "8"]
[White "Ramirez Garcia, Lluis"]
[Black "Ribas Carbo, Miguel"]
[Result "1/2-1/2"]
[WhiteElo "1880"]
[BlackElo "1895"]
[PlyCount "49"]
[EventDate "1997.??.??"]
[EventType "swiss"]
[EventRounds "9"]
[EventCountry "ESP"]
[SourceTitle "EXT 2003"]
[Source "ChessBase"]
[SourceDate "2002.11.25"]
[SourceVersion "1"]
[SourceVersionDate "2002.11.25"]
[SourceQuality "1"]

1. e4 c5 2. c3 d5 3. exd5 Qxd5 4. d4 Nc6 5. Nf3 Bf5 6. Be3 Nf6 7. c4 Qd6 8. a3 cxd4 9. Nxd4 Rd8 10. Qa4 Bd7 11. Nxc6 Bxc6 12. Qc2 Be4 13. Qa4+ Bc6 14. Qc2 Be4 15. Qb3 Ng4 16. c5 Qd7 17. Nd2 Bd5 18. Bc4 Nxe3 19. fxe3 e6 20. 0-0 Bxc5 21. Kh1 0-0 22. e4 Bxc4 23. Nxc4 Qd3 24. Na5 Qxe4 25. Nxb7 1/2-1/2

[Event "Malgrat del Mar op"]
[Site "Malgrat del Mar"]
[Date "1997.03.15"]
[Round "1"]
[White "Ribas Carbo, Miguel"]
[Black "Reglero Perez, Andres Miguel"]
[Result "0-1"]
[WhiteElo "1895"]
[BlackElo "2095"]
[PlyCount "70"]
[EventDate "1997.??.??"]
[EventType "swiss"]
[EventRounds "9"]
[EventCountry "ESP"]
[SourceTitle "EXT 2003"]
[Source "ChessBase"]
[SourceDate "2002.11.25"]
[SourceVersion "1"]
[SourceVersionDate "2002.11.25"]
[SourceQuality "1"]

1. e4 c5 2. Nf3 a6 3. d4 cxd4 4. Nxd4 e5 5. Nf3 Nc6 6. Bc4 d6 7. Nc3 Be7 8. Be3 Nf6 9. Qd2 0-0 10. 0-0 Bg4 11. Ne1 Rc8 12. f3 Be6 13. Bd5 b5 14. a3 Qc7 15. Ba2 Na5 16. Nd5 Nxd5 17. Bxd5 Nc4 18. Bxc4 bxc4 19. c3 Rb8 20. Ra2 Rfd8 21. Qf2 d5 22. exd5 Rxd5 23. Nc2 a5 24. f4 f6 25. a4 Rd3 26. Kh1 Qc6 27. Rfa1 Rbd8 28. Qe2 Qe4 29. Rg1 Rd2 30. Qxd2 Rxd2 31. Bxd2 Qxc2 32. Be3 exf4 33. Bxf4 Bc5 34. Rc1 Qe2 35. Raa1 Bd5 0-1